000 01007nam a2200265 i 4500
001 181957
003 ES-MaACL
005 20240105062953.0
008 130509s2007 sp |||| |bspa d
020 _a978-84-96611-12-2
080 _a929 Laín Entralgo, Pedro
100 1 _aPiñas Mesa, Antonio,
_d1974-
_9144930
245 1 0 _aBiografía de Pedro Laín Entralgo (1908-2001) /
_cAntonio Piñas Mesa.
250 _a1ª ed.
260 _aMadrid :
_bFundación Emmanuel Mounier,
_c2007.
300 _a123 p. ;
_c18 cm.
490 1 _aSinergia. Serie verde ;
_v28
504 _aReferencias bibliográficas.
600 1 4 _aLaín Entralgo, Pedro,
_d1908-2001-
_xBiografías
_969682
830 0 _aSinergia. Serie verde ;
_v28
_9191705
852 _aES-MaACL
_jA-12646
_9188866
_bR.148834
_cDEPO1
_dOlim: N-5647
_xDonación: Antonio Piñas Mesa
_zDedicatoria autógrafa del autor
903 _aPiñas Mesa, Antonio,
_d1974-
_ednr
_9144930
942 _2udc
_cMONOGRAFIA
999 _c181957
_d181957